Visualizzazione normale
Vista MARC
- Montano Antonella, Andriola Elda
di Personal Name
Records bibliografici associati: 1
001 - CONTROL NUMBER
- control field: 62481
003 - CONTROL NUMBER IDENTIFIER
- control field:
005 - DATE AND TIME OF LATEST TRANSACTION
- control field: 20250716140306.0
008 - FIXED-LENGTH DATA ELEMENTS
- fixed length control field: 250716|| aca||aabn | a|a d
040 ## - CATALOGING SOURCE
- Original cataloging agency:
- Transcribing agency:
100 ## - HEADING--PERSONAL NAME
- Personal name: Montano Antonella, Andriola Elda
670 ## - SOURCE DATA FOUND
- Source citation: Work cat.: ()210024: Montano Antonella, Andriola Elda, Parlare di omosessualità a scuola., 2011